Score 0/20 Timer 06:00
0 Plays Today
Mixed Word L.A. Attraction % Correct
OZOZOO
100%
AWX EMUMUSWAX MUSEUM
95%
KLAW FO MEFAWALK OF FAME
93.8%
HOLYOWLDO VERBALDUOHOLLYWOOD BOULEVARD
77.4%
TYGET RECENTGETTY CENTER
76.5%
LAWT ISDENY TRECCON LHALWALT DISNEY CONCERT HALL
75.9%
DOHOLOWLY GINSHOLLYWOOD SIGN
74.6%
SATAN CAMION RIPESANTA MONICA PIER
64.4%
PASTELS RECENTSTAPLES CENTER
61.9%
REDGOD ADMITUSDODGER STADIUM
60.8%
Mixed Word L.A. Attraction % Correct
RUNSALIVE ITSDUOSUNIVERSAL STUDIOS
57.8%
HARMME MEMUSUHAMMER MUSEUM
57.5%
UMMUSE FO CREAMYPROTON TARMUSEUM OF CONTEMPORARY ART
49.8%
YONRUN CYANNO KARPRUNYON CANYON PARK
45.3%
RACIALINFO NICESEC TENRECCALIFORNIA SCIENCE CENTER
43.3%
ATLUNAR SHYRIOT EMUSUMNATURAL HISTORY MUSEUM
42%
HILIPMONARCHPHILHARMONIC
38.1%
LCT SINCEHE ATETHERTCL CHINESE THEATRE
36%
IFFRIGHT OYSTERBRAVOGRIFFITH OBSERVATORY
29.5%
ALOVER TETERSOLVERA STREET
18.5%
Remove Ads.
Support Sporcle.
Get the best of Sporcle when you Go Orange. This ad-free experience offers more features, more stats, and more fun while also helping to support Sporcle. Thank you for becoming a member.

You're not logged in!

Compare scores with friends on all Sporcle quizzes.
OR
Log In

Show Comments

Extras

Top Quizzes Today


Score Distribution

Your Account Isn't Verified!

In order to create a playlist on Sporcle, you need to verify the email address you used during registration. Go to your Sporcle Settings to finish the process.

Report this User

Report this user for behavior that violates our Community Guidelines.

Details: